NBA - Logos des Équipes - Statistiques

Statistiques générales
  • Ce quiz a été pris 1 320 fois
  • Le résultat moyen est 26 sur 30
Statistiques - réponses
Par images Réponse % Correct
Chicago Bulls
100%
Golden State Warriors
95%
Los Angeles Lakers
95%
Miami Heat
94%
San Antonio Spurs
94%
Boston Celtics
92%
Cleveland Cavaliers
90%
Milwaukee Bucks
90%
Brooklyn Nets
88%
Charlotte Hornets
88%
Philadelphie 76ers
88%
Los Angeles Clippers
87%
New York Knicks
86%
Atlanta Hawks
85%
Denver Nuggets
85%
Houston Rockets
85%
Memphis Grizzlies
85%
Oklahoma City Thunder
85%
Phoenix Suns
85%
Sacramento Kings
85%
Toronto Raptors
85%
Utah Jazz
85%
Indiana Pacers
84%
New Orleans Pelicans
83%
Minnesota Timberwolves
80%
Dallas Mavericks
79%
Orlando Magic
79%
Portland Trail Blazers
77%
Washington Wizards
76%
Detroit Pistons
61%
Aucun quiz correspondant
Distribution des résultats
% des personnes avec chaque résultat
Percentile par nombre de réponses
Votre historique - résultats
Vous n’avez pas pris ce quiz